[Event "SUI-chT"]
[Site "Switzerland"]
[Date "2022.06.12"]
[Round "3.4"]
[White "Gaehwiler, Gabriel"]
[Black "Duport, Nicolas"]
[Result "1-0"]
[WhiteElo "2418"]
[BlackElo "2208"]
[PlyCount "91"]
[EventDate "2022.05.01"]
[EventType "team-tourn"]
[EventRounds "9"]
[EventCountry "SUI"]
[SourceTitle "EXT 2023"]
[Source "ChessBase"]
[SourceDate "2022.10.05"]
[SourceVersion "1"]
[SourceVersionDate "2022.10.05"]
[SourceQuality "1"]
[WhiteTeam "Luzern"]
[BlackTeam "Nyon"]
[WhiteTeamCountry "SUI"]
[BlackTeamCountry "SUI"]

1. d4 Nf6 2. c4 e6 3. g3 d5 4. Bg2 Bb4+ 5. Bd2 Be7 6. Nf3 0-0 7. Qc2 c6 8. 0-0 Nbd7 9. Bf4 b6 10. cxd5 cxd5 11. Bc7 Qe8 12. Nc3 Ba6 13. Qa4 Nb8 14. Qxe8 Nxe8 15. Bxb8 Rxb8 16. Ne5 Nf6 17. Nc6 Rb7 18. a4 Rc8 19. Nxe7+ Rxe7 20. a5 b5 21. Na2 b4 22. Rfe1 Bb5 23. b3 Ne4 24. Nxb4 Nd2 25. e3 a6 26. Red1 Nxb3 27. Ra3 Nc1 28. Bf1 Ne2+ 29. Kg2 g5 30. Re1 Nc3 31. Rc1 Rb8 32. Nxa6 Bxa6 33. Bxa6 Ne4 34. Bd3 g4 35. a6 Ra7 36. Rb1 Rxb1 37. Bxb1 Nd2 38. Bd3 Nc4 39. Bxc4 dxc4 40. Kf1 Kf8 41. Ke2 Ke7 42. Kd2 Kd6 43. Kc3 Kd5 44. Ra5+ Ke4 45. Kxc4 Kf3 46. Ra2 1-0

[Event "SUI-chT"]
[Site "Switzerland"]
[Date "2014.09.07"]
[Round "7.7"]
[White "Terraz, Christian"]
[Black "Duport, Nicolas"]
[Result "1/2-1/2"]
[WhiteElo "2075"]
[BlackElo "2195"]
[PlyCount "104"]
[EventDate "2014.03.16"]
[EventType "team-tourn"]
[EventRounds "9"]
[EventCountry "SUI"]
[SourceTitle "EXT 2015"]
[Source "ChessBase"]
[SourceDate "2014.11.20"]
[SourceVersion "1"]
[SourceVersionDate "2014.11.20"]
[SourceQuality "1"]
[WhiteTeam "Neuchatel"]
[BlackTeam "Geneve"]
[WhiteTeamCountry "SUI"]
[BlackTeamCountry "SUI"]

1. Nf3 d5 2. c4 c6 3. g3 Nf6 4. Qc2 g6 5. b3 Bg7 6. Bb2 0-0 7. Bg2 e6 8. 0-0 b6 9. d3 Bb7 10. Nbd2 Nbd7 11. cxd5 cxd5 12. Rac1 Rc8 13. Qb1 Qe7 14. Rxc8 Rxc8 15. Rc1 Rxc1+ 16. Qxc1 Qc5 17. d4 Qxc1+ 18. Bxc1 Ne4 19. Nxe4 dxe4 20. Nd2 f5 21. Bb2 e5 22. dxe5 Nxe5 23. Bxe5 Bxe5 24. Nc4 Bc7 25. f3 b5 26. Na3 Bb6+ 27. Kf1 a6 28. fxe4 fxe4 29. Nc2 Kf7 30. e3 Ke6 31. Ke2 Ke5 32. Kd2 Bc8 33. Bf1 g5 34. Be2 Ba5+ 35. b4 Bb6 36. Na1 g4 37. Bd1 a5 38. Be2 Bd7 39. Nc2 axb4 40. Nxb4 Bc5 41. a3 h5 42. Bf1 Be7 43. Nc2 Kd5 44. Nd4 Kc5 45. Bg2 Kd5 46. Bf1 b4 47. axb4 Bxb4+ 48. Kd1 Bc5 49. Nc2 Ba4 50. Kd2 Bxc2 51. Kxc2 Bxe3 52. Kd1 Bg1 1/2-1/2

[Event "SUI-chT"]
[Site "Switzerland"]
[Date "2014.09.06"]
[Round "6.7"]
[White "Duport, Nicolas"]
[Black "Salzgeber, Frank"]
[Result "1-0"]
[WhiteElo "2195"]
[BlackElo "2176"]
[PlyCount "91"]
[EventDate "2014.03.16"]
[EventType "team-tourn"]
[EventRounds "9"]
[EventCountry "SUI"]
[SourceTitle "EXT 2015"]
[Source "ChessBase"]
[SourceDate "2014.11.20"]
[SourceVersion "1"]
[SourceVersionDate "2014.11.20"]
[SourceQuality "1"]
[WhiteTeam "Geneve"]
[BlackTeam "Bern Schwarz Weiss"]
[WhiteTeamCountry "SUI"]
[BlackTeamCountry "SUI"]

1. e4 c5 2. Nf3 e6 3. d4 cxd4 4. Nxd4 a6 5. Bd3 Bc5 6. Nb3 Be7 7. 0-0 d6 8. Qg4 Bf6 9. Nc3 Nc6 10. Qg3 Nge7 11. a4 Ng6 12. a5 0-0 13. Rd1 Qe7 14. Na4 Bd7 15. Nb6 Rad8 16. c3 Nce5 17. Bf1 Bc6 18. Qe3 Qc7 19. g3 Rfe8 20. Nd4 Nd7 21. Nxc6 Qxc6 22. Nxd7 Rxd7 23. f4 Be7 24. Qd3 Rc7 25. Be3 Nf8 26. Bb6 Rcc8 27. Bg2 Nd7 28. Bd4 Qc7 29. Be3 h6 30. Ra3 Nc5 31. Qd2 Nd7 32. b4 Qc4 33. e5 d5 34. Bd4 Qc7 35. Qe3 Nb8 36. g4 Nc6 37. Bb6 Qb8 38. Qg3 Bd8 39. Be3 Be7 40. h4 Rcd8 41. g5 hxg5 42. hxg5 d4 43. cxd4 Nxb4 44. g6 Nd5 45. Rb3 Qc7 46. Qh3 1-0

[Event "EU-Cup 29th"]
[Site "Rhodes"]
[Date "2013.10.25"]
[Round "6.6"]
[White "Duport, Nicolas"]
[Black "Pergel, Laszlo"]
[Result "1/2-1/2"]
[WhiteElo "2219"]
[BlackElo "2249"]
[PlyCount "82"]
[EventDate "2013.10.20"]
[EventType "team-swiss"]
[EventRounds "7"]
[EventCountry "GRE"]
[SourceTitle "CBM 157"]
[Source "ChessBase"]
[SourceDate "2013.11.12"]
[SourceVersion "1"]
[SourceVersionDate "2013.11.12"]
[SourceQuality "1"]
[WhiteTeam "Geneve"]
[BlackTeam "Szombathely"]
[WhiteTeamCountry "SUI"]
[BlackTeamCountry "HUN"]

1. e4 c5 2. Nf3 d6 3. d4 cxd4 4. Nxd4 Nf6 5. Nc3 Nc6 6. Bg5 e6 7. Qd2 Be7 8. 0-0-0 0-0 9. f4 h6 10. Bh4 e5 11. Nf5 Bxf5 12. exf5 exf4 13. Kb1 d5 14. Bxf6 Bxf6 15. Nxd5 Be5 16. Bc4 b5 17. Bb3 a5 18. c3 b4 19. cxb4 Nxb4 20. Rhe1 Bf6 21. Qxf4 Nxd5 22. Rxd5 Qb6 23. Rd6 Qb8 24. Qd2 a4 25. Bd5 Bxb2 26. Qxb2 Qxd6 27. Bxa8 Rxa8 28. Qe5 Qb4+ 29. Ka1 Rb8 30. Rd1 a3 31. h3 Rc8 32. f6 Qd2 33. Rb1 Rc1 34. Qb8+ Kh7 35. Rxc1 Qd4+ 36. Kb1 Qd3+ 37. Ka1 Qd4+ 38. Kb1 Qd3+ 39. Ka1 Qd4+ 40. Kb1 Qd3+ 41. Ka1 Qd4+ 1/2-1/2

[Event "EU-Cup 29th"]
[Site "Rhodes"]
[Date "2013.10.22"]
[Round "3.6"]
[White "Duport, Nicolas"]
[Black "Tuncer, Ufuk"]
[Result "0-1"]
[WhiteElo "2219"]
[BlackElo "2317"]
[PlyCount "50"]
[EventDate "2013.10.20"]
[EventType "team-swiss"]
[EventRounds "7"]
[EventCountry "GRE"]
[SourceTitle "CBM 157"]
[Source "ChessBase"]
[SourceDate "2013.11.12"]
[SourceVersion "1"]
[SourceVersionDate "2013.11.12"]
[SourceQuality "1"]
[WhiteTeam "Geneve"]
[BlackTeam "Wirtzfeld"]
[WhiteTeamCountry "SUI"]
[BlackTeamCountry "BEL"]

1. e4 c5 2. Nf3 d6 3. d4 cxd4 4. Nxd4 Nf6 5. Nc3 g6 6. Be3 Bg7 7. f3 Nc6 8. Qd2 0-0 9. Bc4 Bd7 10. Bb3 Na5 11. Bh6 Bxh6 12. Qxh6 e5 13. Nde2 b5 14. 0-0-0 b4 15. Nd5 Nxb3+ 16. axb3 Nxd5 17. Rxd5 Be6 18. Rd3 a5 19. Ng3 a4 20. bxa4 Rxa4 21. b3 Ra2 22. h4 Qc7 23. Qd2 Rc8 24. Kd1 Rxc2 25. Qxb4 Rxg2 0-1

[Event "EU-Cup 29th"]
[Site "Rhodes"]
[Date "2013.10.21"]
[Round "2.6"]
[White "Khairullin, Ildar"]
[Black "Duport, Nicolas"]
[Result "1-0"]
[WhiteElo "2651"]
[BlackElo "2219"]
[PlyCount "95"]
[EventDate "2013.10.20"]
[EventType "team-swiss"]
[EventRounds "7"]
[EventCountry "GRE"]
[SourceTitle "CBM 157"]
[Source "ChessBase"]
[SourceDate "2013.11.12"]
[SourceVersion "1"]
[SourceVersionDate "2013.11.12"]
[SourceQuality "1"]
[WhiteTeam "St Petersburg"]
[BlackTeam "Geneve"]
[WhiteTeamCountry "RUS"]
[BlackTeamCountry "SUI"]

1. Nf3 d5 2. g3 c6 3. Bg2 Bg4 4. 0-0 Nd7 5. d3 e6 6. h3 Bh5 7. e4 Bd6 8. exd5 exd5 9. c4 Ne7 10. Nc3 0-0 11. cxd5 cxd5 12. d4 f6 13. Qb3 Nb6 14. Ne4 Bg6 15. Re1 Rc8 16. Bd2 Re8 17. Ba5 Kh8 18. Bxb6 axb6 19. Nc3 Bf7 20. Re2 Rc4 21. a3 Rf8 22. Rae1 Nc6 23. Nb5 Na5 24. Qd1 Qd7 25. Nxd6 Qxd6 26. Re7 Rc7 27. Qe2 Nc6 28. Rxc7 Qxc7 29. Qd2 Bg6 30. Nh4 Qd7 31. Nxg6+ hxg6 32. Qd3 f5 33. Qb5 Re8 34. Rd1 f4 35. Qxd5 Qxd5 36. Bxd5 Rd8 37. Bxc6 bxc6 38. gxf4 Kg8 39. Kg2 Kf7 40. Rc1 Rd6 41. Kf3 Kf6 42. Ke4 Re6+ 43. Kd3 Kf5 44. Rc4 Rd6 45. a4 Kxf4 46. d5+ Ke5 47. Rxc6 Rxd5+ 48. Kc3 1-0

[Event "EU-Cup 29th"]
[Site "Rhodes"]
[Date "2013.10.20"]
[Round "1.6"]
[White "Duport, Nicolas"]
[Black "Murchadha, Oissine"]
[Result "1-0"]
[WhiteElo "2219"]
[BlackElo "1861"]
[PlyCount "81"]
[EventDate "2013.10.20"]
[EventType "team-swiss"]
[EventRounds "7"]
[EventCountry "GRE"]
[SourceTitle "CBM 157"]
[Source "ChessBase"]
[SourceDate "2013.11.12"]
[SourceVersion "1"]
[SourceVersionDate "2013.11.12"]
[SourceQuality "1"]
[WhiteTeam "Geneve"]
[BlackTeam "Adare"]
[WhiteTeamCountry "SUI"]
[BlackTeamCountry "IRL"]

1. e4 c5 2. Nf3 d6 3. d4 cxd4 4. Nxd4 Nf6 5. Nc3 a6 6. Be3 e5 7. Nb3 Be6 8. f3 Nbd7 9. g4 Nb6 10. g5 Nh5 11. Qd2 Be7 12. 0-0-0 0-0 13. Rg1 g6 14. Kb1 Rc8 15. h4 Nc4 16. Bxc4 Bxc4 17. Nd5 Bxd5 18. Qxd5 Qc7 19. Rg2 Kg7 20. Nc1 Qc6 21. Qd2 a5 22. Ne2 a4 23. a3 Rfd8 24. Nc3 Rd7 25. Nd5 Bd8 26. f4 Nxf4 27. Bxf4 exf4 28. h5 f3 29. Qd4+ Kg8 30. Rh2 Qc5 31. Qxa4 b5 32. Qb3 f2 33. hxg6 Qc4 34. gxh7+ Kh8 35. Qd3 Qxd3 36. cxd3 Rc6 37. Rxf2 Bxg5 38. Rf5 f6 39. Nxf6 Bxf6 40. Rxf6 Rxh7 41. Rc1 1-0

[Event "SUI-chT"]
[Site "Switzerland"]
[Date "2013.10.12"]
[Round "8.7"]
[White "Duport, Nicolas"]
[Black "Grandadam, Nicolas"]
[Result "1/2-1/2"]
[WhiteElo "2250"]
[BlackElo "2315"]
[PlyCount "102"]
[EventDate "2013.03.17"]
[EventType "team-tourn"]
[EventRounds "9"]
[EventCountry "SUI"]
[SourceTitle "EXT 2014"]
[Source "ChessBase"]
[SourceDate "2013.11.20"]
[SourceVersion "1"]
[SourceVersionDate "2013.11.20"]
[SourceQuality "1"]
[WhiteTeam "Geneve"]
[BlackTeam "Riehen"]
[WhiteTeamCountry "SUI"]
[BlackTeamCountry "SUI"]

1. e4 c5 2. Nf3 e6 3. d4 cxd4 4. Nxd4 a6 5. Bd3 Qc7 6. 0-0 Nc6 7. Nxc6 bxc6 8. Nc3 e5 9. Qf3 Nf6 10. Qg3 d6 11. Kh1 a5 12. b3 g6 13. h3 Bg7 14. Ba3 0-0 15. Na4 Bd7 16. c4 Nh5 17. Qe3 f5 18. Qb6 Qc8 19. Bxd6 f4 20. Qc7 Qe8 21. Nb6 Bxh3 22. Bxf8 Bxg2+ 23. Kxg2 f3+ 24. Kh1 Qxf8 25. Nxa8 Nf4 26. Nb6 Bf6 27. Qc8 Bd8 28. Kg1 h5 29. Rfd1 Qf6 30. Kf1 Qh4 31. Ke1 Ng2+ 32. Kd2 Qxf2+ 33. Kc1 Qd4 34. Rb1 Ne3 35. Rd2 f2 36. Nd5 cxd5 37. Qxd8+ Kh7 38. Qe7+ Kg8 39. Qe8+ Kg7 40. Qe7+ Kg8 41. Rxf2 Qc3+ 42. Rc2 Qxd3 43. Qe8+ Kh7 44. Qf7+ Kh6 45. Qf2 Qd1+ 46. Kb2 Qd4+ 47. Ka3 Qc5+ 48. b4 Nxc4+ 49. Ka4 Nb6+ 50. Ka3 Nc4+ 51. Ka4 Nb6+ 1/2-1/2

[Event "SUI-chT"]
[Site "Switzerland"]
[Date "2013.09.07"]
[Round "6.7"]
[White "Regez, Markus"]
[Black "Duport, Nicolas"]
[Result "1-0"]
[WhiteElo "2180"]
[BlackElo "2229"]
[PlyCount "92"]
[EventDate "2013.03.17"]
[EventType "team-tourn"]
[EventRounds "9"]
[EventCountry "SUI"]
[SourceTitle "EXT 2014"]
[Source "ChessBase"]
[SourceDate "2013.11.20"]
[SourceVersion "1"]
[SourceVersionDate "2013.11.20"]
[SourceQuality "1"]
[WhiteTeam "Bern Schwarz Weiss"]
[BlackTeam "Geneve"]
[WhiteTeamCountry "SUI"]
[BlackTeamCountry "SUI"]

1. e4 e5 2. Nf3 Nc6 3. Bb5 Nf6 4. Qe2 a6 5. Ba4 Be7 6. c3 b5 7. Bc2 0-0 8. d3 Re8 9. Nbd2 d5 10. Nf1 h6 11. h3 Be6 12. Ne3 Qd7 13. g4 Rad8 14. Nd2 dxe4 15. dxe4 Nd4 16. cxd4 exd4 17. Nf5 d3 18. Bxd3 Qxd3 19. Qxd3 Rxd3 20. Ke2 Rdd8 21. Nxe7+ Rxe7 22. b3 Nd5 23. Kf3 Nb4 24. Ba3 c5 25. Bxb4 cxb4 26. Nf1 Rc7 27. Ne3 Rd2 28. Rhd1 Rdd7 29. Rxd7 Rxd7 30. Rc1 Kf8 31. Rc8+ Ke7 32. Ra8 Rd6 33. e5 Rc6 34. Ra7+ Kf8 35. Ke4 Bc8 36. Nd5 Be6 37. Ra8+ Bc8 38. Nxb4 Rc1 39. Nd5 Rc6 40. f4 f6 41. exf6 gxf6 42. Nb6 Rxb6 43. Rxc8+ Kg7 44. Kf5 h5 45. Rc7+ Kf8 46. gxh5 Rd6 1-0

[Event "Geneve op-A"]
[Site "Geneve"]
[Date "2013.06.30"]
[Round "9"]
[White "Cherniaev, Alexander"]
[Black "Duport, Nicolas"]
[Result "1-0"]
[WhiteElo "2447"]
[BlackElo "2229"]
[PlyCount "47"]
[EventDate "2013.06.24"]
[EventType "swiss"]
[EventRounds "9"]
[EventCountry "SUI"]
[SourceTitle "CBM 155 Extra"]
[Source "ChessBase"]
[SourceDate "2013.08.26"]
[SourceVersion "1"]
[SourceVersionDate "2013.08.26"]
[SourceQuality "1"]

1. c4 c5 2. Nf3 Nc6 3. Nc3 g6 4. e3 Nf6 5. d4 cxd4 6. exd4 d5 7. Bg5 Ne4 8. cxd5 Nxc3 9. bxc3 Qxd5 10. Qb3 Qe4+ 11. Be3 Bh6 12. Bc4 Bxe3 13. Bxf7+ Kf8 14. Bd5 Qf4 15. 0-0 Nxd4 16. cxd4 Bxd4 17. Qc4 Be5 18. Nxe5 Qxe5 19. Rae1 Qf6 20. Re3 Kg7 21. Rf3 Bf5 22. g4 Rac8 23. Qb3 Qg5 24. Qb2+ 1-0

[Event "Geneve op-A"]
[Site "Geneve"]
[Date "2013.06.27"]
[Round "5"]
[White "Duport, Nicolas"]
[Black "Mamedjarova, Zeinab"]
[Result "0-1"]
[WhiteElo "2229"]
[BlackElo "2264"]
[PlyCount "38"]
[EventDate "2013.06.24"]
[EventType "swiss"]
[EventRounds "9"]
[EventCountry "SUI"]
[SourceTitle "CBM 155 Extra"]
[Source "ChessBase"]
[SourceDate "2013.08.26"]
[SourceVersion "1"]
[SourceVersionDate "2013.08.26"]
[SourceQuality "1"]

1. e4 e5 2. Nf3 d6 3. d4 exd4 4. Nxd4 Nf6 5. Nc3 Be7 6. Bf4 0-0 7. Qd2 c6 8. 0-0-0 d5 9. exd5 Nxd5 10. Nxd5 Qxd5 11. Qe3 Bf6 12. Nb3 Bxb2+ 13. Kxb2 Qxd1 14. Qg3 Bf5 15. Bd3 Qg4 16. Bxf5 Qxf5 17. Re1 Nd7 18. Qe3 Nb6 19. Qg3 Rfe8 0-1

[Event "Paleros op"]
[Site "Paleros"]
[Date "2012.06.23"]
[Round "9"]
[White "Duport, Nicolas"]
[Black "Dragomirescu, Calin"]
[Result "1/2-1/2"]
[WhiteElo "2214"]
[BlackElo "2185"]
[PlyCount "94"]
[EventDate "2012.06.16"]
[EventType "swiss"]
[EventRounds "9"]
[EventCountry "GRE"]
[SourceTitle "CBM 149 Extra"]
[Source "ChessBase"]
[SourceDate "2012.08.24"]
[SourceVersion "1"]
[SourceVersionDate "2012.08.24"]
[SourceQuality "1"]

1. e4 g6 2. d4 Bg7 3. Nc3 d6 4. Be3 c6 5. Qd2 Nd7 6. Nf3 b5 7. Bd3 Ngf6 8. 0-0 0-0 9. a4 b4 10. Ne2 a5 11. h3 c5 12. c3 Bb7 13. Ng3 bxc3 14. bxc3 Ba6 15. Bxa6 Rxa6 16. Bh6 e6 17. Qg5 Nh5 18. Nxh5 Qxg5 19. Bxg5 gxh5 20. Rfb1 cxd4 21. cxd4 Rc8 22. Rb5 Nb6 23. Bf4 d5 24. exd5 Nxd5 25. Bd2 Rca8 26. Rab1 Bf8 27. Rb8 Nb4 28. Rb5 Nd5 29. Rb8 Nb4 30. Rxa8 Rxa8 31. Ne5 Rc8 32. Rb3 Rc7 33. Rg3+ Kh8 34. Bg5 Nd5 35. Bd8 Rb7 36. Bxa5 f6 37. Nd3 Rb1+ 38. Be1 Ra1 39. a5 Bb4 40. Kf1 Bxa5 41. Ke2 Bxe1 42. Nxe1 Nf4+ 43. Kd2 Ra2+ 44. Nc2 h4 45. Rg4 Ng6 46. Re4 Ra6 47. Nb4 Rd6 1/2-1/2

[Event "Paleros op"]
[Site "Paleros"]
[Date "2012.06.20"]
[Round "6"]
[White "Antic, Dejan"]
[Black "Duport, Nicolas"]
[Result "1-0"]
[WhiteElo "2518"]
[BlackElo "2214"]
[PlyCount "81"]
[EventDate "2012.06.16"]
[EventType "swiss"]
[EventRounds "9"]
[EventCountry "GRE"]
[SourceTitle "CBM 149 Extra"]
[Source "ChessBase"]
[SourceDate "2012.08.24"]
[SourceVersion "1"]
[SourceVersionDate "2012.08.24"]
[SourceQuality "1"]

1. d4 d5 2. c4 c6 3. e3 Nf6 4. Nc3 a6 5. Nf3 Bf5 6. Bd3 Bxd3 7. Qxd3 e6 8. 0-0 Bb4 9. Bd2 0-0 10. Rfd1 a5 11. Rac1 Nbd7 12. Qe2 Re8 13. Be1 Qb6 14. b3 Qa6 15. Kf1 dxc4 16. bxc4 e5 17. d5 e4 18. Nd2 Nc5 19. Rc2 cxd5 20. cxd5 Qd6 21. Kg1 Nxd5 22. Ndxe4 Nxe4 23. Nxd5 Bxe1 24. Qxe1 Red8 25. Rd4 Nc5 26. Qc3 Rdc8 27. Qb2 Na4 28. Qb3 Rxc2 29. Qxc2 Nc5 30. g3 Qf8 31. Rg4 Kh8 32. Rh4 h6 33. Qc3 Ra6 34. Rc4 Rc6 35. Qxa5 Qd6 36. Qa8+ Kh7 37. Rd4 Ra6 38. Qe8 Qg6 39. Ne7 Qb1+ 40. Kg2 h5 41. Qxf7 1-0

[Event "London e2e4 Diamond Jubilee op"]
[Site "London"]
[Date "2012.06.05"]
[Round "7"]
[White "Rudd, Jack"]
[Black "Duport, Nicolas"]
[Result "1-0"]
[WhiteElo "2305"]
[BlackElo "2214"]
[PlyCount "63"]
[EventDate "2012.06.02"]
[EventType "swiss"]
[EventRounds "9"]
[EventCountry "ENG"]
[SourceTitle "CBM 148 Extra"]
[Source "ChessBase"]
[SourceDate "2012.06.22"]
[SourceVersion "1"]
[SourceVersionDate "2012.06.22"]
[SourceQuality "1"]

1. e4 e6 2. d4 d5 3. Nd2 c5 4. Ngf3 cxd4 5. exd5 Qxd5 6. Bc4 Qd6 7. Qe2 Nf6 8. Nb3 Nc6 9. Bg5 Qb4+ 10. Bd2 Qb6 11. 0-0-0 a5 12. Bb5 a4 13. Nbxd4 Bc5 14. Bc3 0-0 15. Nxc6 bxc6 16. Bd3 Bxf2 17. Nd4 Bxd4 18. Bxd4 Qa5 19. Rdf1 Ba6 20. c4 Rfd8 21. Bc3 Qc5 22. Rf4 Rxd3 23. Qxd3 Nd5 24. Rh4 Nxc3 25. Qxh7+ Kf8 26. Qh8+ Ke7 27. Qxa8 Qe3+ 28. Kc2 Nxa2 29. Kb1 Nb4 30. Rd1 Nd3 31. Qxa6 Qe2 32. Qa7+ 1-0

[Event "London e2e4 Diamond Jubilee op"]
[Site "London"]
[Date "2012.06.04"]
[Round "4"]
[White "Duport, Nicolas"]
[Black "Bennett, Dominic"]
[Result "1-0"]
[WhiteElo "2214"]
[BlackElo "2072"]
[PlyCount "75"]
[EventDate "2012.06.02"]
[EventType "swiss"]
[EventRounds "9"]
[EventCountry "ENG"]
[SourceTitle "CBM 148 Extra"]
[Source "ChessBase"]
[SourceDate "2012.06.22"]
[SourceVersion "1"]
[SourceVersionDate "2012.06.22"]
[SourceQuality "1"]

1. e4 c5 2. Nf3 d6 3. d4 cxd4 4. Nxd4 Nf6 5. Nc3 a6 6. g3 e6 7. Bg2 Be7 8. 0-0 Bd7 9. a4 Nc6 10. Nxc6 bxc6 11. a5 e5 12. Qd3 0-0 13. Be3 Qc7 14. Na4 c5 15. Nb6 Ra7 16. Rfd1 Bb5 17. c4 Bc6 18. f3 Rb8 19. Bg5 Rd8 20. Rd2 Rb7 21. Bh3 h6 22. Be3 Qb8 23. Rad1 Bd7 24. Bxd7 Nxd7 25. Nd5 Bf8 26. Qe2 Rb3 27. g4 Qb7 28. h4 Rb8 29. Rb1 Ra3 30. g5 hxg5 31. hxg5 Qb3 32. Rc1 Rxa5 33. Qh2 g6 34. Qh3 Rb7 35. Rh2 Bg7 36. Bd2 Ra4 37. Nf6+ Kf8 38. Qh8+ 1-0

[Event "London e2e4 Diamond Jubilee op"]
[Site "London"]
[Date "2012.06.04"]
[Round "5"]
[White "Rausis, Igors"]
[Black "Duport, Nicolas"]
[Result "1/2-1/2"]
[WhiteElo "2514"]
[BlackElo "2214"]
[PlyCount "49"]
[EventDate "2012.06.02"]
[EventType "swiss"]
[EventRounds "9"]
[EventCountry "ENG"]
[SourceTitle "CBM 148 Extra"]
[Source "ChessBase"]
[SourceDate "2012.06.22"]
[SourceVersion "1"]
[SourceVersionDate "2012.06.22"]
[SourceQuality "1"]

1. c4 c6 2. e4 d5 3. cxd5 cxd5 4. exd5 Nf6 5. Nc3 Nxd5 6. Nf3 e6 7. d4 Bb4 8. Bd2 0-0 9. Bd3 Nc6 10. 0-0 Be7 11. a3 Bf6 12. Qc2 g6 13. Bh6 Bg7 14. Bxg7 Kxg7 15. Rad1 Nce7 16. Qe2 Qa5 17. Qe5+ f6 18. Qe1 Nxc3 19. Qxc3 Qxc3 20. bxc3 Bd7 21. Rfe1 Rac8 22. c4 Kf7 23. Nd2 Rfd8 24. Rb1 Bc6 25. Nb3 1/2-1/2

[Event "London e2e4 Diamond Jubilee op"]
[Site "London"]
[Date "2012.06.03"]
[Round "2"]
[White "Duport, Nicolas"]
[Black "Collins, Sam E"]
[Result "0-1"]
[WhiteElo "2214"]
[BlackElo "2428"]
[PlyCount "106"]
[EventDate "2012.06.02"]
[EventType "swiss"]
[EventRounds "9"]
[EventCountry "ENG"]
[SourceTitle "CBM 148 Extra"]
[Source "ChessBase"]
[SourceDate "2012.06.22"]
[SourceVersion "1"]
[SourceVersionDate "2012.06.22"]
[SourceQuality "1"]

1. e4 e5 2. Nf3 Nc6 3. Bb5 a6 4. Ba4 Nge7 5. 0-0 g6 6. c3 Bg7 7. d4 exd4 8. cxd4 b5 9. Bc2 d6 10. d5 Na5 11. Nc3 0-0 12. Nd4 c5 13. dxc6 Nexc6 14. Nxc6 Nxc6 15. Nd5 Ne5 16. Rb1 Bg4 17. f3 Be6 18. b3 Rc8 19. Be3 Bxd5 20. exd5 Qa5 21. Rf2 Qc3 22. Bg5 Rfe8 23. Qd2 Qc5 24. Kh1 Nd7 25. b4 Qc7 26. Bb3 Bf6 27. Bxf6 Nxf6 28. Rff1 Qc3 29. Qxc3 Rxc3 30. Rbc1 Rec8 31. Rxc3 Rxc3 32. h3 Kf8 33. Kg1 Ke7 34. Kf2 Nh5 35. Re1+ Kd7 36. Re3 Rc1 37. Re4 f5 38. Rd4 f4 39. Bd1 g5 40. Ke2 Ng3+ 41. Kf2 h6 42. Rd2 Rc4 43. Rb2 Rd4 44. Bb3 Nf5 45. Ke2 Rxb4 46. Kd3 Rd4+ 47. Kc3 b4+ 48. Kc2 Ne3+ 49. Kc1 a5 50. Re2 Nxd5 51. Ba4+ Kc7 52. Re6 Nc3 53. Bc2 Nxa2+ 0-1

[Event "SUI-chT"]
[Site "Switzerland"]
[Date "2012.04.15"]
[Round "2.7"]
[White "Duport, Nicolas"]
[Black "Umbach, Andreas"]
[Result "1-0"]
[WhiteElo "2197"]
[BlackElo "2290"]
[PlyCount "87"]
[EventDate "2012.03.18"]
[EventType "team-tourn"]
[EventRounds "9"]
[EventCountry "SUI"]
[SourceTitle "EXT 2013"]
[Source "ChessBase"]
[SourceDate "2012.11.22"]
[SourceVersion "1"]
[SourceVersionDate "2012.11.22"]
[SourceQuality "1"]
[WhiteTeam "Geneve"]
[BlackTeam "Wollishofen"]
[WhiteTeamCountry "SUI"]
[BlackTeamCountry "SUI"]

1. e4 c5 2. Nf3 d6 3. d4 cxd4 4. Nxd4 Nf6 5. Nc3 g6 6. Be3 Bg7 7. f3 0-0 8. Qd2 Nc6 9. Bc4 Bd7 10. 0-0-0 Rc8 11. Bb3 Ne5 12. Kb1 a6 13. h4 h5 14. g4 hxg4 15. h5 Nxh5 16. Rdg1 Rxc3 17. bxc3 a5 18. Bh6 Bf6 19. f4 a4 20. fxe5 dxe5 21. Ne2 axb3 22. Bxf8 Kxf8 23. cxb3 Qc8 24. Ng3 Nxg3 25. Rxg3 Qc6 26. Qd3 Bg5 27. Rgg1 Kg7 28. Rd1 Be6 29. Kb2 Qb6 30. Qg3 Qc7 31. Qh2 Qb8 32. Qh7+ Kf6 33. Rhf1+ Bf4 34. Qh4+ Kg7 35. Qxe7 Qf8 36. Qxb7 g3 37. Qb6 Bg4 38. Rde1 Qe7 39. a4 Qd7 40. Qc5 Qd2+ 41. Ka3 Be6 42. a5 Qc2 43. c4 Kg8 44. a6 1-0

[Event "Gibraltar Masters 10th"]
[Site "Caleta"]
[Date "2012.02.02"]
[Round "10"]
[White "Osuna Vega, Enrique"]
[Black "Duport, Nicolas"]
[Result "1-0"]
[WhiteElo "2122"]
[BlackElo "2200"]
[PlyCount "97"]
[EventDate "2012.01.24"]
[EventType "swiss"]
[EventRounds "10"]
[EventCountry "GGB"]
[SourceTitle "CBM 147"]
[Source "ChessBase"]
[SourceDate "2012.03.16"]
[SourceVersion "1"]
[SourceVersionDate "2012.03.16"]
[SourceQuality "1"]

1. d4 Nf6 2. Nf3 e6 3. c4 b6 4. g3 Ba6 5. Qa4 Bb7 6. Bg2 c5 7. dxc5 bxc5 8. Nc3 Be7 9. 0-0 0-0 10. Rd1 Qb6 11. Qc2 h6 12. e4 d6 13. Bf4 Nc6 14. b3 Nd4 15. Nxd4 cxd4 16. e5 Bxg2 17. exf6 Bxf6 18. Kxg2 dxc3 19. Rxd6 Qb7+ 20. Kg1 a5 21. Rad1 a4 22. Be3 axb3 23. axb3 Rfb8 24. c5 Ra6 25. Rd7 Qa8 26. Bd4 Rd8 27. Rxd8+ Qxd8 28. Bxc3 Qa8 29. Bxf6 gxf6 30. Qc3 Kg7 31. Rc1 Qc6 32. b4 Ra7 33. Qc4 Rb7 34. Rb1 Rb5 35. Rd1 Rb8 36. Qg4+ Kf8 37. Qf4 e5 38. Qxh6+ Ke7 39. Qd2 Ke8 40. h4 Ke7 41. Qd3 Kf8 42. Rb1 Ke7 43. Qc4 Rd8 44. Ra1 Rd7 45. Qb3 Qe4 46. b5 Rb7 47. Qd1 Rxb5 48. Qd6+ Ke8 49. Rd1 1-0

[Event "Gibraltar Masters 10th"]
[Site "Caleta"]
[Date "2012.01.31"]
[Round "8"]
[White "Eriksen, Magnus"]
[Black "Duport, Nicolas"]
[Result "1-0"]
[WhiteElo "2076"]
[BlackElo "2200"]
[PlyCount "77"]
[EventDate "2012.01.24"]
[EventType "swiss"]
[EventRounds "10"]
[EventCountry "GGB"]
[SourceTitle "CBM 147"]
[Source "ChessBase"]
[SourceDate "2012.03.16"]
[SourceVersion "1"]
[SourceVersionDate "2012.03.16"]
[SourceQuality "1"]

1. e4 e5 2. Nf3 Nc6 3. Bb5 Nf6 4. 0-0 Nxe4 5. d4 Nd6 6. Ba4 e4 7. Re1 Be7 8. Ne5 0-0 9. Nc3 f6 10. Nxc6 dxc6 11. Nxe4 Nxe4 12. Rxe4 f5 13. Bb3+ Kh8 14. Re1 Bd6 15. Qh5 f4 16. c4 Bf5 17. c5 Bg6 18. Qf3 Be7 19. Bxf4 Qxd4 20. Rxe7 Rxf4 21. Qe3 Qxb2 22. Re1 Rff8 23. h3 Rad8 24. Re2 Qa1+ 25. Kh2 Qf6 26. Rxc7 Bd3 27. Rd2 Ba6 28. Rxd8 Qxd8 29. Re7 h6 30. Bc2 Qd5 31. Qg3 Qd4 32. h4 Qf6 33. Rc7 Rg8 34. Bb3 Rf8 35. f3 g5 36. Bc2 Kg8 37. hxg5 hxg5 38. Bb3+ Kh8 39. Qh3+ 1-0